<?xml version="1.0" encoding="UTF-8"?>
<collection xmlns="http://www.loc.gov/MARC21/slim">
  <record>
    <leader>00000nam  2200000   4500</leader>
    <controlfield tag="001">INLIS000000000019928</controlfield>
    <controlfield tag="005">20250505114336</controlfield>
    <datafield tag="035" ind1="#" ind2="#">
      <subfield code="a">0010-0525000011</subfield>
    </datafield>
    <controlfield tag="007">ta</controlfield>
    <controlfield tag="008">250505################g##########0#ind##</controlfield>
    <datafield tag="082" ind1="#" ind2="#">
      <subfield code="a">519.5</subfield>
    </datafield>
    <datafield tag="084" ind1="#" ind2="#">
      <subfield code="a">519.5 SUP m</subfield>
    </datafield>
    <datafield tag="100" ind1=" " ind2="#">
      <subfield code="a">Supranto, J.</subfield>
    </datafield>
    <datafield tag="245" ind1="1" ind2="#">
      <subfield code="a">Metode Ramalan Kuantitatif untuk Perencanaan /</subfield>
      <subfield code="c">J. Supranto</subfield>
    </datafield>
    <datafield tag="250" ind1="#" ind2="#">
      <subfield code="a">Cetakan ke 1</subfield>
    </datafield>
    <datafield tag="260" ind1="#" ind2="#">
      <subfield code="a">Jakarta :</subfield>
      <subfield code="b">Gramedia,</subfield>
      <subfield code="c">1981</subfield>
    </datafield>
    <datafield tag="300" ind1="#" ind2="#">
      <subfield code="a">x, 179 halaman :</subfield>
      <subfield code="b">ilus ;</subfield>
      <subfield code="c">21 cm</subfield>
    </datafield>
    <datafield tag="650" ind1="#" ind2="4">
      <subfield code="a">Metode Penelitian</subfield>
    </datafield>
    <datafield tag="520" ind1="#" ind2="#">
      <subfield code="a">Dewasa ini mulai timbul kecenderungan dalam masyarakat kita untuk menerapkan cara-cara rasional dalam usaha-usaha mengatasi masalah-masalah sosial-ekonomi. Persoalan yang dihadapi dipecahkan dan diatasi tahap demi tahap sesuai dengan kemampuan yang ada. Data masa lampau, sekarang dan akan datang diperlukan dalam usaha ini.&#13;
Buku ini memberi tekanan khusus pada data dari waktu yang akan datang, yang dalam arti sehari-hari disebut perencanaan. Berdasarkan data itu bisa dibangun ramalan baik untuk jangka pendek dan menengah maupun jangka panjang. Dijelaskan cara-cara untuk membuat ramalan secara kuantitatif mulai dengan cara yang paling mudah, tanpa rumus, sampai dengan cara yang cukup ruwet seperti model ekonometrika, analisa input-output, yang memerlukan pengertian matrik.&#13;
Informasi dalam buku ini, hasil karya seorang pengarang yang ahli di bidang statistik dan dosen ilmu ekonomi di beberapa universitas di Jakarta sangat bergyba bagi para perencana di tingkat nasional, regional dan sektoral. Juga para perencana dalam lingkungan perusahaan, para peneliti, konsultan dan mahasiswa yang mendapat kuliah tentang statistika lanjutan dan metode ramalan (forecasting method)</subfield>
    </datafield>
    <datafield tag="990" ind1="#" ind2="#">
      <subfield code="a">19370</subfield>
    </datafield>
    <datafield tag="990" ind1="#" ind2="#">
      <subfield code="a">18340</subfield>
    </datafield>
    <datafield tag="990" ind1="#" ind2="#">
      <subfield code="a">19372</subfield>
    </datafield>
  </record>
</collection>
